000 00567nam a2200229Ia 4500
003 OSt
005 20230607110359.0
008 210423s2009 xx 000 0 und d
020 _a8121920086
040 _cAL
041 _aeng
082 _a346.066
_223
_bGOGP
100 _aGOGNA (P P S)
_988983
245 _aTextbook of company law
260 _aNew Delhi
_bSultan Chand & Sons
_c2009
300 _avi,500
_bPB
365 _b225
_cINR
650 _aBusiness Law
_988984
650 _aLaw
_988985
906 _acompany ; law ; Textbook
942 _2ddc
_cBK
999 _c160529
_d160529